000 00557nam a22002291a 4500
001 3312
003 OSt
005 20260204211846.0
008 040822s1998||||sp ||||||b||||||||||spa||
020 _a8420744808
050 _a823.8 D554c
082 _a808.831 D554c
100 _aDickens, Harles
245 _aCuentos de lo sobrenatural / Harles Dickens
250 _a2
264 _aEspaña : ANAYA
300 _a187 p
490 _aSerie tus libros No. 113
500 _aIncluye bibliografía
650 _aLiteratura InglesaÌ
942 _2ddc
_cBK
999 _c3312
_d3312